00774cam a2200241 a 45000010008000000030006000080050017000140080041000310100017000720200028000890400018001170500023001350820021001581000022001792450060002012600044002613000026003055040066003316500022003976500048004196500030004676500035004973526257GBCCL20241126110355.0960904s1996 nyu b 001 0 eng  a 96038716  a1570750858 (alk. paper) aDLCcDLCdDLC00aBV2063b.K756 199600a266.001220bKRA1 aKraft, Charles H.10aAnthropology for Christian witness /cCharles H. Kraft. aMaryknoll, N.Y. :bOrbis Books,cc1996. axvi, 493 p. ;c26 cm. aIncludes bibliographical references (p. 475-483) and indexes. 0aMissionsxTheory. 0aEthnologyxReligious aspectsxChristianity. 0aChristianity and culture. 0aEvangelistic workxPhilosophy.